1 vyčerpané euro z eurofondov stojí Slováka 68 centov nie až tak dobré "dobré správy"

Eurofondy a ich špecifiká. Problém korupcie pri čerpaní eurofondov na Slovensku. Rozdelenie zdrojov a kompetencie národných vlád, ktoré musia obsah operačných programov prispôsobovať dlhodobým cieľom stanovujúcich Európskou úniou. Aké podmienky musia byť splnené, aby nám EÚ preplatila peniaze.

Uložené v:
Podrobná bibliografia
Hlavný autor: Chovanculiak, Róbert
Médium: Kapitola
Jazyk:Slovak
Predmet:
Tagy: Pridať tag
Žiadne tagy, Buďte prvý, kto otaguje tento záznam!

MARC

LEADER 00000naa a2200000 4500
001 0214852
005 20230912114940.3
041 0 |a slo 
044 |a SK 
245 1 0 |a 1 vyčerpané euro z eurofondov stojí Slováka 68 centov  |b nie až tak dobré "dobré správy"  |c Róbert Chovanculiak 
520 |a Eurofondy a ich špecifiká. Problém korupcie pri čerpaní eurofondov na Slovensku. Rozdelenie zdrojov a kompetencie národných vlád, ktoré musia obsah operačných programov prispôsobovať dlhodobým cieľom stanovujúcich Európskou úniou. Aké podmienky musia byť splnené, aby nám EÚ preplatila peniaze. 
610 2 0 |a Európska únia 
610 2 0 |a Slovensko 
610 2 0 |a fondy štruktúrne 
610 2 0 |a fondy Európskej únie 
610 2 0 |a programy operačné 
610 2 0 |a projekty medzinárodné 
610 2 0 |a spolupráca medzinárodná 
100 1 |a Chovanculiak, Róbert